| 000 | 00848nam a2200193 a 4500 | ||
|---|---|---|---|
| 008 | 071123s2006 ||||||||||||||||| || u | ||
| 020 | _a0750666560 | ||
| 050 | _aTH 2529 .C6 Gar | ||
| 100 | _aGarber, George | ||
| 245 | 1 | 0 |
_aDesign and construction of concrete floors. -- 2nd ed. _cGeorge Garber |
| 250 | _a2nd ed. | ||
| 260 |
_aAmsterdam _bElsevier _c2006 |
||
| 300 | _aix, 384p.: ill. | ||
| 350 | _a0.00 | ||
| 650 | _aCONSTRUCTION | ||
| 650 | _aFLOORS, CONCRETE--DESIGN AND CONSTRUCTION | ||
| 995 |
_aMAIN LIBRARY OPEN ACCESS _D0.00 _e739703 _FCBU-MAIN LIBRARY (Kitwe) _H1 _I0.00 _jTH 2529.C6 Gar _M2 _UAVAILABLE _WMar 30, 2009 _y739703 _ZMain Library Open Access Collection |
||
| 995 |
_aMAIN LIBRARY OPEN ACCESS _D0.00 _e738110 _FCBU-MAIN LIBRARY (Kitwe) _H1 _I0.00 _jTH 2529.C6 Gar _M1 _UAVAILABLE _WNov 23, 2007 _y738110 _ZMain Library Open Access Collection |
||
| 999 |
_c63435 _d63435 |
||